[Event "4. Open. Int. (tot.)"]
[Site "Padova  Fornace Carotta"]
[Date "2001.12.23"]
[Round "6.18"]
[White "Canazza, Alessandro"]
[Black "Calicchia, Giovanni"]
[Result "1/2-1/2"]
[WhiteElo "1500"]
[BlackElo "1600"]
[Annotator "Gabriele Ballarin"]
[PlyCount "86"]
[EventDate "2001.12.15"]
[EventType "swiss"]
[EventRounds "6"]
[EventCountry "ITA"]

1. d4 Nf6 2. c4 g6 3. f3 Bg7 4. e4 d6 5. Nc3 O-O 6. Be3 e5 7. d5 c6 8. Qd2 cxd5 9. Nxd5 Nxd5 10. Qxd5 Qc7 11. b3 Be6 12. Qd2 Rd8 13. g3 Nc6 14. Ne2 f5 15. Rd1 fxe4 16. fxe4 Rd7 17. Bg2 Rad8 18. O-O a6 19. Kh1 Rf7 20. Rxf7 Bxf7 21. Bh3 Be8 22. Bg5 Ne7 23. Be6+ Bf7 24. Bxf7+ Kxf7 25. Bxe7 Kxe7 26. Nc3 Kd7 27. Rf1 Rf8 28. Kg2 Rxf1 29. Kxf1 Qc5 30. Qd5 Qxd5 31. cxd5 h6 32. Ke2 g5 33. g4 Kc7 34. Kd3 Kb6 35. Kc4 Bf8 36. Kb4 a5+ 37. Kc4 Ka6 38. a3 Kb6 39. b4 axb4 40. Kxb4 Ka6 41. Na4 Be7 42. Nc3 Bf8 43. a4 Be7 1/2-1/2

[Event "4. Open. Int. (tot.)"]
[Site "Padova  Fornace Carotta"]
[Date "2001.12.23"]
[Round "6.19"]
[White "Chinello, Gianmarco"]
[Black "Quaranta, Gaetano"]
[Result "1-0"]
[WhiteElo "1500"]
[BlackElo "1594"]
[Annotator "Gabriele Ballarin"]
[PlyCount "141"]
[EventDate "2001.12.15"]
[EventType "swiss"]
[EventRounds "6"]
[EventCountry "ITA"]

1. e4 e5 2. Nf3 Nc6 3. Bc4 Nf6 4. Nc3 Bb4 5. Nd5 d6 6. Nxb4 Nxb4 7. d3 h6 8. h3 O-O 9. O-O Re8 10. c3 Nc6 11. Qb3 Be6 12. Bxe6 fxe6 13. Qxb7 Na5 14. Qa6 c5 15. b4 cxb4 16. cxb4 Nb3 17. axb3 Qc7 18. Qc4 Qb6 19. Be3 Qb7 20. Ra4 Rac8 21. Qa6 Qxa6 22. Rxa6 Rc3 23. Rxd6 Rxb3 24. Bxa7 Rxb4 25. Nxe5 Ra4 26. Be3 Ra5 27. Nc4 Ra4 28. f3 Nh5 29. Kh2 Ra2 30. Rf2 Ra1 31. Rb2 Rd1 32. Rd2 Rb1 33. Rd7 Nf6 34. Ra7 Rd8 35. Ra6 Re8 36. Rda2 Kh7 37. Ra8 Re7 38. R2a7 Rxa7 39. Rxa7 Rb3 40. Ra3 Rb1 41. Rc3 Re1 42. Rc1 Re2 43. Bd2 Nh5 44. Re1 Rxe1 45. Bxe1 Nf4 46. Ne5 Kg8 47. Kg3 Ne2+ 48. Kf2 Nf4 49. Bd2 Nh5 50. Nd7 g5 51. g4 Ng7 52. Bc3 Ne8 53. Nf6+ Nxf6 54. Bxf6 Kf7 55. Bc3 Kg6 56. Ke3 h5 57. Kd4 hxg4 58. hxg4 Kf6 59. Kc5+ Ke7 60. d4 Kd7 61. d5 exd5 62. Kxd5 Ke7 63. Ke5 Kf7 64. Kf5 Kg8 65. Kxg5 Kf7 66. e5 Ke6 67. f4 Kf7 68. f5 Ke7 69. Kg6 Kf8 70. Bb4+ Ke8 71. Kg7 1-0

[Event "4. Open. Int. (tot.)"]
[Site "Padova  Fornace Carotta"]
[Date "2001.12.23"]
[Round "6.20"]
[White "Fracasso Pezzolato, Michele"]
[Black "Pietrobon, Mirco"]
[Result "1-0"]
[WhiteElo "1585"]
[BlackElo "1500"]
[Annotator "Gabriele Ballarin"]
[PlyCount "99"]
[EventDate "2001.12.15"]
[EventType "swiss"]
[EventRounds "6"]
[EventCountry "ITA"]

1. Nc3 Nf6 2. d4 e6 3. e4 Bb4 4. f3 b6 5. a3 Bxc3+ 6. bxc3 d5 7. e5 Ng8 8. Ne2 Ba6 9. Ng3 Bxf1 10. Nxf1 c5 11. Ng3 c4 12. O-O Nc6 13. Nh5 g6 14. Ng3 Nce7 15. a4 Nf5 16. Nxf5 gxf5 17. f4 Kd7 18. Qh5 Qf8 19. Ba3 Ne7 20. Bd6 f6 21. Rab1 Qg7 22. a5 Nc8 23. exf6 Qg6 24. Qxg6 hxg6 25. Be5 Kc6 26. axb6 Nxb6 27. Rf3 Nd7 28. Rg3 Nxe5 29. dxe5 Rag8 30. h3 a5 31. Re3 a4 32. Rb4 Ra8 33. Re1 a3 34. Ra1 Rh7 35. Kf2 Rha7 36. Ra2 Rg8 37. Kg3 Kd7 38. Ra1 Ke8 39. Kf3 Kf7 40. Rab1 a2 41. Rb7+ Kf8 42. Rb8+ Kf7 43. R1b7+ Rxb7 44. Rxb7+ Kf8 45. Ra7 g5 46. fxg5 Rxg5 47. Rxa2 Kf7 48. g3 Rg8 49. Ra7+ Kf8 50. Re7 1-0

[Event "4. Open. Int. (tot.)"]
[Site "Padova  Fornace Carotta"]
[Date "2001.12.23"]
[Round "6.21"]
[White "Morganti, Lionello"]
[Black "Quaranta, Cristiano"]
[Result "0-1"]
[WhiteElo "1687"]
[BlackElo "1627"]
[Annotator "Gabriele Ballarin"]
[PlyCount "56"]
[EventDate "2001.12.15"]
[EventType "swiss"]
[EventRounds "6"]
[EventCountry "ITA"]

1. e4 c5 2. Nf3 Nc6 3. Bb5 g6 4. O-O Bg7 5. c3 Nf6 6. Re1 O-O 7. d4 cxd4 8. cxd4 d5 9. e5 Ne4 10. Bd3 Bf5 11. Nh4 Nxd4 12. Nxf5 Nxf5 13. Bxe4 dxe4 14. Nc3 Bxe5 15. Nxe4 Qxd1 16. Rxd1 Rfd8 17. Re1 Bg7 18. Bf4 b6 19. Rab1 Rac8 20. b3 Rc2 21. a4 e6 22. Bg5 Rdc8 23. Bf6 Bxf6 24. Nxf6+ Kg7 25. Ne4 Nd4 26. Nd6 R8c3 27. Nb5 Nxb5 28. axb5 Rc5 0-1

[Event "4. Open. Int. (tot.)"]
[Site "Padova  Fornace Carotta"]
[Date "2001.12.23"]
[Round "6.22"]
[White "Barbetta, Cosimo"]
[Black "Fragni, Enrico"]
[Result "1-0"]
[WhiteElo "1540"]
[BlackElo "1528"]
[Annotator "Gabriele Ballarin"]
[PlyCount "63"]
[EventDate "2001.12.15"]
[EventType "swiss"]
[EventRounds "6"]
[EventCountry "ITA"]

1. Nf3 d6 2. c3 e5 3. e4 Bg4 4. Be2 Nf6 5. O-O Nxe4 6. Qa4+ Qd7 7. Qxe4 Bf5 8. Qxb7 Be7 9. Qxa8 O-O 10. Qxa7 Nc6 11. Qa4 g5 12. Bb5 Bg4 13. Bxc6 Qe6 14. Qe4 Bf5 15. Qd5 Qg6 16. d4 g4 17. Ne1 Bxb1 18. Be3 Bf5 19. a4 Be6 20. Qb5 Bf5 21. a5 e4 22. a6 d5 23. a7 Bd6 24. g3 h5 25. a8=Q h4 26. Qxf8+ Bxf8 27. Qxd5 Bd6 28. Ng2 hxg3 29. fxg3 Be6 30. Qxe4 f5 31. Nf4 fxe4 32. Nxg6 1-0

[Event "4. Open. Int. (tot.)"]
[Site "Padova  Fornace Carotta"]
[Date "2001.12.23"]
[Round "6.23"]
[White "Colombo, Matteo"]
[Black "Trangoni, Bruno"]
[Result "0-1"]
[WhiteElo "1500"]
[BlackElo "1662"]
[Annotator "Gabriele Ballarin"]
[PlyCount "134"]
[EventDate "2001.12.15"]
[EventType "swiss"]
[EventRounds "6"]
[EventCountry "ITA"]

1. e4 e5 2. Nf3 Nc6 3. Bc4 Nf6 4. Ng5 d5 5. exd5 Nd4 6. O-O Bg4 7. f3 Bc5 8. Kh1 Bf5 9. d3 Nxd5 10. Ne4 Bb6 11. Nbc3 Nb4 12. Na4 Nbxc2 13. Nxb6 axb6 14. Rb1 O-O 15. a3 b5 16. Bxb5 Nxb5 17. Qxc2 Nd4 18. Qf2 Ne6 19. Rd1 h6 20. Be3 b6 21. Qg3 Bxe4 22. dxe4 Qf6 23. Rd5 Nf4 24. Bxf4 exf4 25. Qe1 Rfd8 26. Qd2 Rxd5 27. Qxd5 Rd8 28. Qc4 Qxb2 29. Qb4 Qf2 30. Qe1 Qxe1+ 31. Rxe1 Rd3 32. Ra1 Kf8 33. Kg1 Ke7 34. Ra2 Kd6 35. Kf2 Ke5 36. a4 c5 37. a5 bxa5 38. Rxa5 Kd4 39. Ra2 c4 40. Ke2 Re3+ 41. Kd1 c3 42. Rf2 Rd3+ 43. Kc1 Ke3 44. Rc2 f6 45. h3 g5 46. Kb1 Rd1+ 47. Ka2 Rd2 48. Kb3 Rxc2 49. Kxc2 Kd4 50. Kc1 Kd3 51. Kd1 Ke3 52. Kc2 Kf2 53. Kxc3 Kxg2 54. Kd4 Kxf3 55. Kd5 Kg2 56. Ke6 f3 57. Kxf6 f2 58. Ke6 f1=Q 59. e5 Kf3 60. Ke7 Qxh3 61. e6 Ke4 62. Kf7 Qxe6+ 63. Kxe6 g4 64. Kd6 g3 65. Kc5 g2 66. Kd6 g1=Q 67. Kc6 Qd1 0-1

[Event "4. Open. Int. (tot.)"]
[Site "Padova  Fornace Carotta"]
[Date "2001.12.23"]
[Round "6.24"]
[White "Minati, Donato"]
[Black "Spinoso, Giovanni"]
[Result "1-0"]
[WhiteElo "1500"]
[BlackElo "1585"]
[Annotator "Gabriele Ballarin"]
[PlyCount "66"]
[EventDate "2001.12.15"]
[EventType "swiss"]
[EventRounds "6"]
[EventCountry "ITA"]

1. d4 Nf6 2. Nf3 g6 3. c4 Bg7 4. Nc3 O-O 5. e4 d6 6. Be2 e5 7. O-O Nc6 8. d5 Ne7 9. b4 b6 10. Ne1 Ne8 11. Nd3 f5 12. c5 Nf6 13. f3 f4 14. Qb3 g5 15. Nxe5 Kh8 16. Nd3 Bd7 17. c6 Be8 18. Bb2 Bf7 19. Rfe1 Nxc6 20. Rac1 Nd7 21. Nb5 Nde5 22. Bxe5 Bxe5 23. Rxc6 Be8 24. Nxe5 Bxc6 25. Nxc6 Qd7 26. Nbd4 h5 27. Ne6 Rg8 28. Qc3+ Kh7 29. Qf6 g4 30. Ng5+ Rxg5 31. Qxg5 Rg8 32. Qxh5+ Kg7 33. Qxg4+ Kf8 1-0

[Event "4. Open. Int. (tot.)"]
[Site "Padova  Fornace Carotta"]
[Date "2001.12.23"]
[Round "6.25"]
[White "Cedriano, Filippo"]
[Black "Trimboli, Carlo"]
[Result "1-0"]
[WhiteElo "1612"]
[BlackElo "1449"]
[Annotator "Gabriele Ballarin"]
[PlyCount "89"]
[EventDate "2001.12.15"]
[EventType "swiss"]
[EventRounds "6"]
[EventCountry "ITA"]

1. e4 d6 2. d4 g6 3. Nc3 Bg7 4. Bg5 c6 5. f4 Nf6 6. e5 dxe5 7. dxe5 Nd5 8. Nxd5 cxd5 9. Qd2 f6 10. exf6 exf6 11. Bh4 O-O 12. O-O-O Be6 13. Bc4 Nc6 14. Bxd5 Bxd5 15. Qxd5+ Qxd5 16. Rxd5 Rad8 17. Rxd8 Rxd8 18. Nf3 Re8 19. Re1 Rxe1+ 20. Bxe1 Kf7 21. Bc3 Ne7 22. g3 Nd5 23. Bd4 a6 24. Kd2 Ke6 25. c4 Ne7 26. Kd3 Nc6 27. Bc3 Bf8 28. a3 Bc5 29. b4 Bd6 30. c5 Bc7 31. Nd4+ Nxd4 32. Kxd4 f5 33. Kc4 b5+ 34. cxb6 Bxb6 35. Bd4 Bc7 36. Kc5 Kd7 37. Kd5 Bd8 38. a4 Bc7 39. b5 axb5 40. axb5 Bb8 41. b6 h6 42. Be5 Bxe5 43. Kxe5 Kc6 44. Kf6 g5 45. fxg5 1-0

[Event "4. Open. Int. (tot.)"]
[Site "Padova  Fornace Carotta"]
[Date "2001.12.23"]
[Round "6.26"]
[White "Gerardi, Stefano"]
[Black "Meggiorin, Orlando"]
[Result "1-0"]
[WhiteElo "1506"]
[BlackElo "1441"]
[Annotator "Gabriele Ballarin"]
[PlyCount "95"]
[EventDate "2001.12.15"]
[EventType "swiss"]
[EventRounds "6"]
[EventCountry "ITA"]

1. e4 e6 2. d4 d5 3. exd5 exd5 4. Nf3 Bg4 5. Be2 Nf6 6. O-O Bd6 7. Re1 O-O 8. Bg5 Nbd7 9. Nbd2 c6 10. h3 Bh5 11. c4 Qc7 12. Qb3 Rab8 13. Rac1 Bf4 14. cxd5 Nxd5 15. Bxf4 Qxf4 16. g3 Qh6 17. Bf1 f5 18. Re7 N7b6 19. Rce1 Bf7 20. R7e5 Nf4 21. Qe3 Nxh3+ 22. Bxh3 Qxh3 23. Ng5 Qh6 24. Nxf7 Qxe3 25. R1xe3 Rxf7 26. Ra3 a6 27. Rae3 g6 28. Rb3 Nd5 29. Re6 Rbf8 30. f4 Rd7 31. Nf3 Kf7 32. Ng5+ Kg7 33. Re5 Kh6 34. Kf2 Nf6 35. Kf3 Re8 36. a4 Rxe5 37. dxe5 Nd5 38. a5 Kg7 39. Ne6+ Kf7 40. Nc5 Re7 41. Nxb7 Ke8 42. Nc5 Nc7 43. Rb6 g5 44. Rxc6 gxf4 45. gxf4 Kd8 46. Rf6 Ne8 47. Rxf5 Ng7 48. Rf8+ 1-0

[Event "4. Open. Int. (tot.)"]
[Site "Padova  Fornace Carotta"]
[Date "2001.12.23"]
[Round "6.27"]
[White "Nizzardo, Mattia"]
[Black "Fabiano, Manuel"]
[Result "1-0"]
[WhiteElo "1500"]
[BlackElo "1500"]
[Annotator "Gabriele Ballarin"]
[PlyCount "33"]
[EventDate "2001.12.15"]
[EventType "swiss"]
[EventRounds "6"]
[EventCountry "ITA"]

1. e4 e6 2. d4 d5 3. exd5 exd5 4. Nc3 Nf6 5. Bg5 Be7 6. h3 b6 7. Nf3 O-O 8. Be2 Re8 9. O-O h6 10. Bh4 Bf5 11. Ne5 Bd6 12. Bb5 Bd7 13. Bxf6 gxf6 14. Bxd7 Nxd7 15. Qg4+ Kf8 16. Nxd7+ Ke7 17. Nxd5# 1-0

[Event "4. Open. Int. (tot.)"]
[Site "Padova  Fornace Carotta"]
[Date "2001.12.23"]
[Round "6.28"]
[White "Arras, Antonio"]
[Black "Musiani, Carlo"]
[Result "1/2-1/2"]
[WhiteElo "1458"]
[BlackElo "1576"]
[Annotator "Gabriele Ballarin"]
[PlyCount "59"]
[EventDate "2001.12.15"]
[EventType "swiss"]
[EventRounds "6"]
[EventCountry "ITA"]

1. e4 e6 2. Nf3 c5 3. d4 cxd4 4. Nxd4 Nc6 5. Be3 Nf6 6. Nc3 Bb4 7. f3 a6 8. Bd3 Qc7 9. O-O Nxd4 10. Bxd4 e5 11. Be3 Bxc3 12. bxc3 Qxc3 13. Bg5 Qc6 14. Qd2 h6 15. Bxf6 Qxf6 16. Qb4 d6 17. Bc4 O-O 18. Bd5 Qg6 19. Kh1 Rb8 20. Qb6 Qf6 21. Qa7 Be6 22. Bxb7 Qe7 23. Rab1 a5 24. a4 Qc7 25. Qb6 Qxc2 26. Qxa5 Bc8 27. Qa7 Bxb7 28. Rxb7 Ra8 29. Rc7 Qb2 30. Qg1 1/2-1/2

[Event "4. Open. Int. (tot.)"]
[Site "Padova  Fornace Carotta"]
[Date "2001.12.23"]
[Round "6.29"]
[White "Chinellato, Marco"]
[Black "Clarini, Ivo"]
[Result "1-0"]
[WhiteElo "1416"]
[BlackElo "1657"]
[Annotator "Gabriele Ballarin"]
[PlyCount "135"]
[EventDate "2001.12.15"]
[EventType "swiss"]
[EventRounds "6"]
[EventCountry "ITA"]

1. e4 e5 2. Nf3 Nc6 3. Bc4 Bc5 4. d3 h6 5. Nc3 Nf6 6. Bb3 d6 7. Na4 Bb4+ 8. c3 Ba5 9. Bc2 b5 10. b4 Bb6 11. Nxb6 axb6 12. a4 bxa4 13. Rxa4 Bd7 14. Rxa8 Qxa8 15. O-O Ne7 16. Re1 O-O 17. d4 Ng6 18. Qe2 Rd8 19. Qc4 Qc6 20. Qxc6 Bxc6 21. d5 Bb5 22. Bb2 Ra8 23. Ra1 Rxa1+ 24. Bxa1 Nf8 25. Bb2 N8d7 26. Nd2 c5 27. c4 Ba6 28. b5 Bc8 29. Bd1 Nf8 30. f3 Kh8 31. h4 Nh5 32. Kh2 Nf4 33. g3 Nd3 34. Bc3 f5 35. Be2 Nc1 36. Bf1 Ng6 37. h5 Ne7 38. Bb2 Na2 39. f4 exf4 40. gxf4 Bd7 41. e5 Nc8 42. e6 Be8 43. Be2 Ne7 44. Kh3 Nb4 45. Nb1 Nc2 46. Nc3 Nc8 47. Na4 Kh7 48. Bd3 Ne3 49. Bc1 Nxc4 50. Bxc4 Bxh5 51. Bd2 Kg8 52. Bd3 Bf3 53. Nc3 g6 54. Be1 Ne7 55. Bc4 g5 56. fxg5 hxg5 57. Kg3 Bh1 58. Bd2 f4+ 59. Kg4 f3 60. Be3 Ng6 61. Kxg5 Ne5 62. Bf1 Bg2 63. Bxg2 fxg2 64. Kf4 Nd3+ 65. Kf3 Ne1+ 66. Kf2 Nc2 67. Bf4 Ne1 68. Bh2 1-0

[Event "4. Open. Int. (tot.)"]
[Site "Padova  Fornace Carotta"]
[Date "2001.12.23"]
[Round "6.30"]
[White "Traversi, Carlo"]
[Black "Benedetti, Maurizio"]
[Result "1-0"]
[WhiteElo "1561"]
[BlackElo "1500"]
[Annotator "Gabriele Ballarin"]
[PlyCount "65"]
[EventDate "2001.12.15"]
[EventType "swiss"]
[EventRounds "6"]
[EventCountry "ITA"]

1. e4 d6 2. d4 Nf6 3. Nc3 g6 4. Nf3 Bg7 5. Be2 O-O 6. O-O c5 7. dxc5 dxc5 8. Be3 b6 9. Qxd8 Rxd8 10. Rfd1 Nc6 11. Rxd8+ Nxd8 12. Rd1 Bg4 13. h3 Bxf3 14. Bxf3 e5 15. Rd6 Ne6 16. Nd5 Nd4 17. Nxf6+ Bxf6 18. Bxd4 cxd4 19. Rxf6 Rc8 20. Bd1 d3 21. c3 Rd8 22. Kf1 Kf8 23. Ke1 Ke7 24. Rf3 d2+ 25. Ke2 Ke6 26. Rd3 Rxd3 27. Kxd3 f5 28. exf5+ Kxf5 29. Kxd2 g5 30. Ke3 h6 31. Bg4+ Kg6 32. Ke4 Kf6 33. b4 1-0

[Event "4. Open. Int. (tot.)"]
[Site "Padova  Fornace Carotta"]
[Date "2001.12.23"]
[Round "6.31"]
[White "Nardin, Loris"]
[Black "De Nard, Stefano"]
[Result "0-1"]
[WhiteElo "1329"]
[BlackElo "1530"]
[Annotator "Gabriele Ballarin"]
[PlyCount "104"]
[EventDate "2001.12.15"]
[EventType "swiss"]
[EventRounds "6"]
[EventCountry "ITA"]

1. e4 c5 2. Nf3 d6 3. d4 cxd4 4. Nxd4 Nf6 5. Nc3 g6 6. Bg5 Bg7 7. Qd2 O-O 8. Be2 Nc6 9. Nxc6 bxc6 10. Bh6 Qb6 11. Bxg7 Kxg7 12. b3 Bb7 13. O-O Rfd8 14. Kh1 d5 15. e5 Ne4 16. Nxe4 dxe4 17. Qc3 Qd4 18. Qxd4 Rxd4 19. Rad1 Rad8 20. Rxd4 Rxd4 21. Rd1 Rxd1+ 22. Bxd1 c5 23. c4 Kh6 24. h4 g5 25. g3 Kg6 26. hxg5 Kxg5 27. g4 Kf4 28. e6 f6 29. Kh2 Ke5 30. Kg3 Bc8 31. f4+ exf3 32. Bxf3 Bxe6 33. a3 Kd4 34. Kh4 Bf7 35. Kg3 Kc3 36. Bd1 a5 37. Kf4 Bg6 38. g5 fxg5+ 39. Kxg5 e5 40. a4 e4 41. Kf4 Kd2 42. Bg4 e3 43. Ke5 e2 44. Bxe2 Kxe2 45. Kd5 Kd3 46. Kxc5 Kc3 47. Kb5 Kxb3 48. c5 Be8+ 49. Kxa5 Bxa4 50. Kb6 h5 51. c6 Bxc6 52. Kxc6 h4 0-1

[Event "4. Open. Int. (tot.)"]
[Site "Padova  Fornace Carotta"]
[Date "2001.12.23"]
[Round "6.32"]
[White "Grandesso, Emanuele"]
[Black "Franz, Paolo"]
[Result "1-0"]
[WhiteElo "1500"]
[BlackElo "1500"]
[Annotator "Gabriele Ballarin"]
[PlyCount "117"]
[EventDate "2001.12.15"]
[EventType "swiss"]
[EventRounds "6"]
[EventCountry "ITA"]

1. e4 c5 2. c4 Nc6 3. Nc3 Nf6 4. d3 d6 5. Nf3 g6 6. Be2 Bg7 7. O-O O-O 8. h3 Bd7 9. Be3 a6 10. Re1 Rb8 11. a3 b5 12. b3 Ne8 13. Rc1 bxc4 14. bxc4 Nf6 15. d4 cxd4 16. Nxd4 Qc7 17. Nxc6 Bxc6 18. f3 Rb7 19. Nd5 Bxd5 20. cxd5 Qa5 21. Qd3 Ra8 22. Bd2 Qb5 23. Qxb5 axb5 24. Bb4 Nd7 25. Red1 Bh6 26. Rc3 Nc5 27. Kh1 Bg7 28. Rc2 Rc8 29. Rdc1 Bd4 30. f4 Be3 31. Rf1 Rcb8 32. Rc3 Bd4 33. Rg3 Nxe4 34. Rgf3 f5 35. Kh2 h5 36. Rd1 Bc5 37. Bxc5 Nxc5 38. Rg3 Kf7 39. Re3 b4 40. axb4 Rxb4 41. g3 Rb2 42. h4 Ra2 43. Kg1 Rbb2 44. Bf1 Rd2 45. Rde1 Ne4 46. Rf3 Kf6 47. Rfe3 Rxd5 48. Bc4 Rda5 49. Bxa2 Rxa2 50. Rd3 Rd2 51. Rb3 d5 52. Rc1 Ra2 53. Rd1 e6 54. Rb6 Rc2 55. Rxd5 Nxg3 56. Rdd6 Re2 57. Rd7 Re4 58. Kf2 Nh1+ 59. Kf3 1-0

[Event "Sem. pomeridiano Natale"]
[Site "Padova"]
[Date "2001.12.24"]
[Round "1"]
[White "Dione, Flavio"]
[Black "Vianello, Enrico"]
[Result "0-1"]
[WhiteElo "1600"]
[BlackElo "2140"]
[Annotator "Gabriele Ballarin"]
[PlyCount "32"]
[EventDate "2001.12.24"]
[EventType "tourn (rapid)"]
[EventRounds "8"]
[EventCountry "ITA"]

1. e4 c5 2. Nf3 Nc6 3. d4 cxd4 4. Nxd4 Nf6 5. Nc3 e5 6. Ndb5 d6 7. Bg5 a6 8. Bxf6 gxf6 9. Na3 b5 10. Nab1 f5 11. exf5 Bxf5 12. Qf3 Nd4 13. Qh5 Bg6 14. Qh3 Nxc2+ 15. Kd2 Qg5+ 16. Kd1 Bh6 0-1

[Event "Sem. pomeridiano Natale"]
[Site "Padova"]
[Date "2001.12.24"]
[Round "2"]
[White "Vianello, Enrico"]
[Black "Opacic, Alexandar"]
[Result "1-0"]
[WhiteElo "2140"]
[BlackElo "2064"]
[Annotator "Gabriele Ballarin"]
[PlyCount "21"]
[EventDate "2001.12.24"]
[EventType "tourn (rapid)"]
[EventRounds "8"]
[EventCountry "ITA"]

1. d4 d5 2. c4 c6 3. Nf3 Nf6 4. Nc3 dxc4 5. a4 Bf5 6. e3 e6 7. Bxc4 Bb4 8. O-O Nbd7 9. Qb3 a5 10. Nh4 Bg6 11. f3 1-0

[Event "Sem. pomeridiano Natale"]
[Site "Padova"]
[Date "2001.12.24"]
[Round "3"]
[White "De Bortoli, Peter"]
[Black "Vianello, Enrico"]
[Result "1-0"]
[WhiteElo "2194"]
[BlackElo "2140"]
[Annotator "Gabriele Ballarin"]
[PlyCount "26"]
[EventDate "2001.12.24"]
[EventType "tourn (rapid)"]
[EventRounds "8"]
[EventCountry "ITA"]

1. e4 c5 2. Nf3 Nc6 3. d4 cxd4 4. Nxd4 Nf6 5. Nc3 e5 6. Ndb5 d6 7. Nd5 Nxd5 8. exd5 Nb8 9. c4 Be7 10. Be2 a6 11. Nc3 O-O 12. O-O f5 13. f4 Bf6 1-0

[Event "Sem. pomeridiano Natale"]
[Site "Padova"]
[Date "2001.12.24"]
[Round "6"]
[White "Vianello, Enrico"]
[Black "Gennari, Leone"]
[Result "1-0"]
[WhiteElo "2140"]
[BlackElo "1858"]
[Annotator "Gabriele Ballarin"]
[PlyCount "20"]
[EventDate "2001.12.24"]
[EventType "tourn (rapid)"]
[EventRounds "8"]
[EventCountry "ITA"]

1. d4 Nf6 2. Bg5 d5 3. Bxf6 exf6 4. e3 g6 5. c4 c6 6. Nc3 f5 7. cxd5 cxd5 8. Nge2 Bg7 9. g3 Nc6 10. Bg2 Be6 1-0

[Event "Sem. pomeridiano Natale"]
[Site "Padova"]
[Date "2001.12.24"]
[Round "8"]
[White "Vianello, Enrico"]
[Black "Giacomini, Massimo"]
[Result "1/2-1/2"]
[WhiteElo "2140"]
[BlackElo "1884"]
[Annotator "Gabriele Ballarin"]
[PlyCount "23"]
[EventDate "2001.12.24"]
[EventType "tourn (rapid)"]
[EventRounds "8"]
[EventCountry "ITA"]

1. d4 Nf6 2. Bg5 d5 3. Bxf6 exf6 4. e3 Bd6 5. c4 c6 6. cxd5 Qa5+ 7. Nc3 Bb4 8. Qb3 cxd5 9. Nge2 O-O 10. g3 Bg4 11. Bg2 Bxe2 12. Kxe2 1/2-1/2

[Event "62.ITA Provinciale VE"]
[Site "Venezia Canal"]
[Date "2002.01.12"]
[Round "1.1"]
[White "Baracchi, Leonardo"]
[Black "Roberti, Ignazio"]
[Result "0-1"]
[WhiteElo "1497"]
[BlackElo "1757"]
[Annotator "Gabriele Ballarin"]
[PlyCount "50"]
[EventDate "2002.01.12"]
[EventType "swiss"]
[EventCountry "ITA"]
[SourceTitle "Inf 22"]

1. e4 c5 2. Nf3 a6 3. d4 cxd4 4. Nxd4 e6 5. Be3 Nf6 6. Nd2 Qc7 7. Bd3 Nc6 8. c3 Be7 9. O-O O-O 10. f4 b5 11. Rc1 Bb7 12. Qe2 d6 13. Bf2 e5 14. fxe5 dxe5 15. Nf5 Rac8 16. Nxe7+ Nxe7 17. Bh4 Ne8 18. Qg4 Ng6 19. Bg5 Qb6+ 20. Kh1 f6 21. Bh4 Nxh4 22. Qxh4 Qe3 23. Rf3 Qxd2 24. Rcf1 Rd8 25. Qg3 Qxb2 0-1

[Event "62.ITA Provinciale VE"]
[Site "Venezia Canal"]
[Date "2002.01.12"]
[Round "1.2"]
[White "Baracchi, Filippo"]
[Black "Tonolo, Maurizio"]
[Result "1-0"]
[WhiteElo "1708"]
[BlackElo "1497"]
[Annotator "Gabriele Ballarin"]
[PlyCount "53"]
[EventDate "2002.01.12"]
[EventType "swiss"]
[EventCountry "ITA"]
[SourceTitle "Inf 22"]

1. e4 c6 2. d4 d5 3. Nd2 dxe4 4. Nxe4 Nd7 5. Bc4 Ngf6 6. Ng5 e6 7. Qe2 Nb6 8. Bb3 h6 9. N5f3 Be7 10. c3 O-O 11. Nh3 c5 12. O-O cxd4 13. Nxd4 Nbd5 14. Rd1 Bd7 15. Nf4 Nxf4 16. Bxf4 Qe8 17. Re1 Bc5 18. Rad1 Qc8 19. Rd3 Nh7 20. Rg3 Kh8 21. Qe5 f6 22. Qh5 Ng5 23. h4 e5 24. Bxg5 Be8 25. Qe2 exd4 26. cxd4 Bxd4 27. Bxh6 1-0

[Event "62.ITA Provinciale VE"]
[Site "Venezia Canal"]
[Date "2002.01.12"]
[Round "1.3"]
[White "Nardin, Loris"]
[Black "Gonzales, Guillermo"]
[Result "1/2-1/2"]
[WhiteElo "1329"]
[BlackElo "1674"]
[Annotator "Gabriele Ballarin"]
[PlyCount "42"]
[EventDate "2002.01.12"]
[EventType "swiss"]
[EventCountry "ITA"]
[SourceTitle "Inf 22"]

1. e4 c5 2. Nf3 d6 3. d4 cxd4 4. Nxd4 Nf6 5. Nc3 a6 6. Bg5 e6 7. f4 b5 8. e5 dxe5 9. fxe5 Qc7 10. exf6 Qe5+ 11. Be2 Qxg5 12. Qd3 Bb7 13. Bf3 Bxf3 14. Qxf3 Qe5+ 15. Nce2 Ra7 16. Nc6 Nxc6 17. Qxc6+ Rd7 18. Qc8+ Rd8 19. Qc6+ Rd7 20. Qc8+ Rd8 21. Qc6+ Rd7 1/2-1/2

[Event "62.ITA Provinciale VE"]
[Site "Venezia Canal"]
[Date "2002.01.12"]
[Round "1.9"]
[White "Mingardi, Alessandro"]
[Black "Cedriano, Filippo"]
[Result "0-1"]
[WhiteElo "1300"]
[BlackElo "1582"]
[Annotator "Gabriele Ballarin"]
[PlyCount "50"]
[EventDate "2002.01.12"]
[EventType "swiss"]
[EventCountry "ITA"]
[SourceTitle "Inf 22"]

1. d4 Nf6 2. c4 e6 3. Nc3 Bb4 4. Bg5 h6 5. Bh4 g5 6. Bg3 Ne4 7. Qc2 f5 8. e3 b6 9. Bd3 Bb7 10. Nge2 Bxc3+ 11. bxc3 Nxg3 12. Nxg3 Bxg2 13. Rg1 Bh3 14. Nxf5 exf5 15. Bxf5 Bxf5 16. Qxf5 Qe7 17. Rg4 Kd8 18. Re4 Qf8 19. Qg4 Nc6 20. Ke2 Kc8 21. Rb1 Qa3 22. Rb5 Qxc3 23. d5 Qc2+ 24. Kf1 Rf8 25. Qg2 Qd1# 0-1

[Event "62.ITA Provinciale VE"]
[Site "Venezia Canal"]
[Date "2002.01.13"]
[Round "2.1"]
[White "Roberti, Ignazio"]
[Black "Tonei, Andrea"]
[Result "1-0"]
[WhiteElo "1757"]
[BlackElo "1509"]
[Annotator "Gabriele Ballarin"]
[PlyCount "43"]
[EventDate "2002.01.12"]
[EventType "swiss"]
[EventCountry "ITA"]
[SourceTitle "Inf 22"]

1. e4 e5 2. f4 Bc5 3. Nf3 d6 4. Bc4 Nf6 5. d3 Nc6 6. c3 O-O 7. b4 Bb6 8. a4 a6 9. Qe2 Be6 10. Na3 Qe7 11. f5 Bxc4 12. Nxc4 Ba7 13. b5 axb5 14. axb5 Nb8 15. b6 cxb6 16. Nxb6 Nc6 17. Nxa8 Rxa8 18. Be3 Qc7 19. O-O Bxe3+ 20. Qxe3 Rc8 21. Ra3 Nd7 22. Rfa1 1-0

[Event "62.ITA Provinciale VE"]
[Site "Venezia Canal"]
[Date "2002.01.13"]
[Round "2.2"]
[White "Cedriano, Filippo"]
[Black "Baracchi, Filippo"]
[Result "1/2-1/2"]
[WhiteElo "1582"]
[BlackElo "1708"]
[Annotator "Gabriele Ballarin"]
[PlyCount "96"]
[EventDate "2002.01.12"]
[EventType "swiss"]
[EventCountry "ITA"]
[SourceTitle "Inf 22"]

1. e4 c5 2. Nf3 Nc6 3. d4 cxd4 4. Nxd4 Nf6 5. Nc3 e5 6. Ndb5 d6 7. Bg5 a6 8. Na3 b5 9. Nd5 Be7 10. Nxe7 Nxe7 11. Bxf6 gxf6 12. Qd2 Bb7 13. f3 d5 14. exd5 Qxd5 15. Qxd5 Bxd5 16. c4 bxc4 17. Bxc4 Rg8 18. Kf2 Bxc4 19. Nxc4 Nd5 20. Rad1 Rd8 21. a3 Ke7 22. g3 Rc8 23. Rxd5 Rxc4 24. Rhd1 Rc2+ 25. R1d2 Rxd2+ 26. Rxd2 Rc8 27. Ke3 Ke6 28. b4 f5 29. a4 Rc3+ 30. Rd3 Rc2 31. Rd2 Rxd2 32. Kxd2 h5 33. Kd3 Kd5 34. h3 f6 35. g4 hxg4 36. fxg4 e4+ 37. Ke3 f4+ 38. Ke2 Kd4 39. b5 f3+ 40. Kf2 e3+ 41. Kxf3 Kd3 42. b6 e2 43. b7 e1=Q 44. b8=Q Qe2+ 45. Kg3 Qe5+ 46. Qxe5 fxe5 47. g5 e4 48. g6 e3 1/2-1/2